Mount and Blade Bannerlord All Cities - Statistics

General Stats
  • This quiz has been taken 150 times
  • The average score is 22 of 53
Answer Stats
Answer % Correct
Battania Marunath
63%
Vlandia Ocs Hall
62%
Aserai Husn Fulq
60%
Vlandia Sargot
59%
Sturgia Varcheg
58%
Southern Empire Lycaron
56%
Battania Pen Cannoc
56%
Southern Empire Poros
53%
Sturgia Tyal
53%
Vlandia Pravend
51%
Battania Seonon
51%
Sturgia Omor
49%
Western Empire Ortysia
49%
Vlandia Charas
48%
Aserai Quyaz
48%
Western Empire Jalmarys
47%
Northern Empire Epicrotea
45%
Southern Empire Onira
44%
Southern Empire Danustica
43%
Western Empire Lageta
43%
Western Empire Zeonica
43%
Vlandia Jaculan
42%
Khuzait Makeb
42%
Western Empire Amitatys
41%
Battania Car Banseth
41%
Battania Dunglanys
41%
Vlandia Galend
41%
Western Empire Rhotae
41%
Aserai Sanala
41%
Aserai Askar
38%
Vlandia Rovalt
38%
Northern Empire Myzea
37%
Northern Empire Diathma
36%
Sturgia Sibir
36%
Southern Empire Phycaon
35%
Sturgia Revyl
35%
Northern Empire Amprela
34%
Khuzait Baltakhand
34%
Khuzait Chaikand
34%
Sturgia Varnovapol
34%
Northern Empire Saneopa
33%
Northern Empire Argoron
31%
Vlandia Ostican
31%
Aserai Razih
31%
Southern Empire Syronea
30%
Aserai Hubyar
29%
Khuzait Ortongard
29%
Sturgia Balgard
28%
Aserai Iyakis
26%
Aserai Qasira
26%
Khuzait Odokh
24%
Khuzait Akkalat
23%
Southern Empire Vostrum
21%
No matching quizzes found
Score Distribution
Percent of People with Each Score
Percentile by Number Answered
Your Score History
You have not taken this quiz